[Event "Wch-U10"]
[Site "Belfort FRA"]
[Date "2005.07.25"]
[Round "7"]
[White "Kraiouchkine, Nikita"]
[Black "Karnati, Harsh"]
[Result "1-0"]
[WhiteElo "1599"]
[BlackElo "1899"]
[PlyCount "97"]
[EventDate "2005.07.19"]
[EventType "swiss"]
[EventRounds "11"]
[EventCountry "FRA"]
[Source "ChessBase"]
[SourceDate "2005.01.01"]

1. Nf3 d5 2. g3 c6 3. Bg2 Bg4 4. d4 Nd7 5. O-O Ngf6 6. c4 e6 7. Bf4 Qb6 8. b3
Ne4 9. Ne5 Nxe5 10. Bxe5 f6 11. Bf4 Bf5 12. f3 Nd6 13. c5 Qd8 14. cxd6 Bxd6 15.
Bxd6 Qxd6 16. Qd2 c5 17. e4 dxe4 18. fxe4 Bg6 19. dxc5 Qxc5+ 20. Qf2 Qe5 21.
Nd2 O-O 22. Nc4 Qc7 23. Rac1 Qe7 24. Qe3 e5 25. Rc3 b6 26. Bh3 Rfd8 27. Rfc1
Rd4 28. Bf5 Bxf5 29. exf5 Qd7 30. Qf3 Rd8 31. Ne3 Rd2 32. R3c2 Rd3 33. Qe4 Rd4
34. Qc6 Qe7 35. Qe6+ Qxe6 36. fxe6 g6 37. Rc7 a5 38. Re7 Kf8 39. Rcc7 R4d6 40.
Rxh7 Kg8 41. Rhg7+ Kh8 42. Rge7 Rd1+ 43. Nxd1 Rxd1+ 44. Kf2 Rd2+ 45. Ke3 Rd8
46. Rh7+ Kg8 47. Rcg7+ Kf8 48. e7+ Ke8 49. Rh8+ 1-0

[Event "Wch-U10"]
[Site "Belfort FRA"]
[Date "2005.07.25"]
[Round "8"]
[White "Scherbin, Yevgeniy"]
[Black "Kraiouchkine, Nikita"]
[Result "1/2-1/2"]
[WhiteElo "1599"]
[BlackElo "1599"]
[PlyCount "163"]
[EventDate "2005.07.19"]
[EventType "swiss"]
[EventRounds "11"]
[EventCountry "FRA"]
[Source "ChessBase"]
[SourceDate "2005.01.01"]

1. e4 e5 2. Nf3 Nc6 3. Bb5 a6 4. Bxc6 dxc6 5. O-O Bg4 6. h3 Bxf3 7. Qxf3 Qd7 8.
d3 Bc5 9. Nd2 O-O-O 10. Nc4 f6 11. Be3 Bxe3 12. Qxe3 Kb8 13. Rad1 g5 14. c3 Qe6
15. b3 Ne7 16. d4 Ng6 17. dxe5 Nxe5 18. Nxe5 Qxe5 19. Rd4 Rd6 20. Rfd1 Rhd8 21.
Rxd6 Rxd6 22. Rd4 c5 23. Rd3 b6 24. g3 Re6 25. Rd7 Qxe4 26. Qxe4 Rxe4 27. Rxh7
c4 28. Rf7 cxb3 29. axb3 Re6 30. Kg2 a5 31. h4 gxh4 32. gxh4 Kb7 33. Kg3 b5 34.
h5 a4 35. bxa4 bxa4 36. Rd7 Kc6 37. Rd1 Kb5 38. Kg4 a3 39. h6 Kc4 40. Kf5 Re2
41. f4 Rh2 42. Kg6 Kxc3 43. Rc1+ Rc2 44. h7 Rxc1 45. h8=Q a2 46. Qxf6+ Kb3 47.
Qe6+ Kb2 48. Qe5+ Kb3 49. Qb5+ Kc2 50. Qc6+ Kb2 51. Qb7+ Ka3 52. Qa6+ Kb2 53.
Qb5+ Kc2 54. Qc4+ Kb2 55. Qb4+ Kc2 56. Qc4+ Kb2 57. Qe2+ Kb3 58. Qd3+ Kb2 59.
Qd2+ Kb1 60. Qd3+ Kb2 61. Qe2+ Kb3 62. Qf3+ Kb2 63. Qg2+ Kb3 64. Qf3+ Kb2 65.
Qe2+ Kb3 66. Qe3+ Kb2 67. Qd4+ Kb3 68. Qd5+ Kb2 69. Qe5+ Kb3 70. Qb5+ Kc2 71.
Qc6+ Kb2 72. Qg2+ Kb3 73. Qf3+ Kb2 74. Qe2+ Kb3 75. Qe3+ Kb2 76. Qd2+ Kb1 77.
Qb4+ Kc2 78. Qc5+ Kb2 79. Qb5+ Kc2 80. Qc5+ Kb2 81. Qb5+ Kc2 82. Qc5+ 1/2-1/2

[Event "Wch-U10"]
[Site "Belfort FRA"]
[Date "2005.07.26"]
[Round "9"]
[White "Kraiouchkine, Nikita"]
[Black "Whitfield, Craig"]
[Result "1-0"]
[WhiteElo "1599"]
[BlackElo "1599"]
[PlyCount "77"]
[EventDate "2005.07.19"]
[EventType "swiss"]
[EventRounds "11"]
[EventCountry "FRA"]
[Source "ChessBase"]
[SourceDate "2005.01.01"]

1. e4 c5 2. Nf3 Nc6 3. d4 cxd4 4. Nxd4 Nf6 5. Nc3 e5 6. Ndb5 d6 7. Bg5 a6 8.
Na3 b5 9. Nd5 Qa5+ 10. Bd2 Qd8 11. c4 bxc4 12. Nxc4 Nxe4 13. Ncb6 Qh4 14. Be3
Rb8 15. Qa4 Bd7 16. Rc1 Rxb6 17. Nxb6 d5 18. Nxd7 Bb4+ 19. Kd1 Nxf2+ 20. Bxf2
Qxf2 21. Nf6+ Kf8 22. Be2 Qd4+ 23. Kc2 gxf6 24. Qxc6 Kg7 25. Kb1 Rb8 26. b3 Ba3
27. Qc3 Qf2 28. Rc2 Qf5 29. Rf1 Qe6 30. Qc6 Qe7 31. Qxd5 Rd8 32. Qf3 e4 33.
Qg4+ Kf8 34. Qf5 Kg7 35. Rc6 Kg8 36. Rxf6 Rf8 37. Bc4 e3 38. Rh6 e2 39. Qxh7#
1-0

[Event "Wch-U10"]
[Site "Belfort FRA"]
[Date "2005.07.27"]
[Round "10"]
[White "Kraiouchkine, Nikita"]
[Black "Cori Tello, Jorge"]
[Result "1-0"]
[WhiteElo "1599"]
[BlackElo "2080"]
[PlyCount "41"]
[EventDate "2005.07.19"]
[EventType "swiss"]
[EventRounds "11"]
[EventCountry "FRA"]
[Source "ChessBase"]
[SourceDate "2005.01.01"]

1. d4 Nf6 2. Nc3 g6 3. e4 d6 4. Bg5 Bg7 5. Qd2 Nbd7 6. O-O-O O-O 7. f3 h5 8. f4
Nh7 9. Bh4 c5 10. Nd5 g5 11. fxg5 e6 12. Nf4 Qb6 13. Nf3 cxd4 14. Nxh5 Bh8 15.
Nf6+ Ndxf6 16. gxf6 e5 17. Qh6 Be6 18. Rd3 Qa5 19. Nd2 Bxf6 20. Rg3+ Bg5 21.
Bxg5 1-0

[Event "Wch-U10"]
[Site "Belfort FRA"]
[Date "2005.07.28"]
[Round "11"]
[White "Bajarani, Ulvi"]
[Black "Kraiouchkine, Nikita"]
[Result "1-0"]
[WhiteElo "1599"]
[BlackElo "1599"]
[PlyCount "184"]
[EventDate "2005.07.19"]
[EventType "swiss"]
[EventRounds "11"]
[EventCountry "FRA"]
[Source "ChessBase"]
[SourceDate "2005.01.01"]

1. e4 e5 2. Nc3 Nf6 3. g3 Bc5 4. Bg2 d6 5. Na4 Bb6 6. Nxb6 axb6 7. Ne2 Be6 8.
b3 Nc6 9. O-O d5 10. exd5 Nxd5 11. f3 O-O 12. d3 Nd4 13. Bb2 c5 14. c3 Nc6 15.
a3 Qd6 16. c4 Nf6 17. f4 Ng4 18. Qd2 Rad8 19. Rad1 f6 20. f5 Bf7 21. h3 Nh6 22.
g4 Qe7 23. Be4 Kh8 24. Ng3 Nd4 25. Bxd4 Rxd4 26. Qe3 Ra8 27. a4 Be8 28. Ne2 Rd6
29. Nc3 Bc6 30. Qf3 Nf7 31. h4 Bxe4 32. dxe4 Rd4 33. Nd5 Qd6 34. Rde1 Nd8 35.
g5 Rd2 36. Rd1 Rd4 37. Rde1 Rd2 38. Rf2 Rxf2 39. Qxf2 Nc6 40. Nxb6 Rd8 41. Nd5
Nd4 42. Re3 Rg8 43. Rg3 Qd8 44. Kh2 Qf8 45. Qg2 Qf7 46. gxf6 gxf6 47. Rxg8+
Qxg8 48. Qxg8+ Kxg8 49. Nxf6+ Kg7 50. Nd7 Nxb3 51. Nxe5 Nd2 52. Kg3 Nxe4+ 53.
Kf4 Nd6 54. Nd7 Nxc4 55. Nxc5 Na5 56. Ke5 Kf7 57. Ne4 Nc4+ 58. Kd4 Nb6 59. a5
Nc8 60. Ke5 b6 61. a6 Na7 62. Nd6+ Kf8 63. Nc4 b5 64. Na5 Kf7 65. Nb3 b4 66.
Nd4 Nc6+ 67. Kd5 b3 68. Nxc6 b2 69. a7 b1=Q 70. a8=Q Qb3+ 71. Kd6 Qd3+ 72. Kc7
Qg3+ 73. Kc8 Kf8 74. Qa5 Qd6 75. Kb7 Qd7+ 76. Kb6 Qxf5 77. Qa1 Kf7 78. Qd4 Qf6
79. Qe4 Qb2+ 80. Kc7 Qh2+ 81. Kc8 Qh3+ 82. Kd8 Qe6 83. Qxh7+ Kf8 84. Qe7+ Qxe7+
85. Nxe7 Kg7 86. Nf5+ Kg6 87. Ng3 Kh6 88. Ke7 Kh7 89. h5 Kh8 90. Kf6 Kh7 91.
Kf5 Kg8 92. Kg6 Kh8 1-0

[Event "Sherbrooke-op B"]
[Site "Sherbrooke CAN"]
[Date "2005.05.27"]
[Round "1"]
[White "Kraiouchkine, Nikita"]
[Black "Ouellet-Lahaie, Didier"]
[Result "1-0"]
[WhiteElo "1799"]
[BlackElo "1625"]
[PlyCount "63"]
[EventDate "2005.05.27"]
[EventType "swiss"]
[EventRounds "5"]
[EventCountry "CAN"]

1. e4 Nf6 2. Nc3 e5 3. Nf3 Bb4 4. Bc4 d6 5. d3 Bxc3+ 6. bxc3 Nc6 7. h3 O-O 8.
Bg5 Be6 9. Bb3 h6 10. Bh4 Qe7 11. g4 Bxb3 12. cxb3 Qe6 13. g5 Nh5 14. gxh6 gxh6
15. Ng5 hxg5 16. Qxh5 Qg6 17. Qxg5 Qxg5 18. Bxg5 f5 19. Rg1 Kh7 20. Ke2 Rae8
21. Rg3 Nd8 22. Bxd8 Rxd8 23. Rag1 Rd7 24. Rg5 Rf6 25. exf5 Rdf7 26. Rh5+ Rh6
27. Rgg5 Rxh5 28. Rxh5+ Kg7 29. Kf3 Kf6 30. Ke4 Rg7 31. Rh6+ Kf7 32. f4 1-0

[Event "Sherbrooke-op B"]
[Site "Sherbrooke CAN"]
[Date "2005.05.28"]
[Round "2"]
[White "Bourassa, Samuel"]
[Black "Kraiouchkine, Nikita"]
[Result "1-0"]
[WhiteElo "1706"]
[BlackElo "1799"]
[PlyCount "67"]
[EventDate "2005.05.27"]
[EventType "swiss"]
[EventRounds "5"]
[EventCountry "CAN"]

1. e4 e5 2. Nf3 Nc6 3. Bc4 Nf6 4. d3 d6 5. h3 Be7 6. Nc3 Nd4 7. Bb3 Nxb3 8.
cxb3 h6 9. b4 Be6 10. b5 Nd7 11. d4 c6 12. Be3 a6 13. bxc6 bxc6 14. O-O g5 15.
g4 f6 16. d5 cxd5 17. Nxd5 h5 18. gxh5 Bxh3 19. Nh2 Bxf1 20. Nxf1 Kf7 21. Ng3
Nc5 22. Nf5 Bf8 23. h6 Kg6 24. Qg4 Rh7 25. Kg2 Rf7 26. Nh4+ Kh7 27. Qf5+ Kh8
28. Ng6+ Kg8 29. h7+ Kxh7 30. Nge7+ Kh8 31. Rh1+ Bh6 32. Rxh6+ Kg7 33. Qg6+ Kf8
34. Rh8# 1-0

[Event "Sherbrooke-op B"]
[Site "Sherbrooke CAN"]
[Date "2005.05.28"]
[Round "3"]
[White "Kraiouchkine, Nikita"]
[Black "Arseneault, Marc"]
[Result "1-0"]
[WhiteElo "1799"]
[BlackElo "1618"]
[PlyCount "111"]
[EventDate "2005.05.27"]
[EventType "swiss"]
[EventRounds "5"]
[EventCountry "CAN"]

1. e4 e6 2. d4 d5 3. exd5 exd5 4. Bd3 Nf6 5. h3 Be7 6. Qf3 Be6 7. Ne2 c6 8. c3
Nbd7 9. Bf4 b5 10. Nd2 Nb6 11. Ng3 Qd7 12. Be5 Nc4 13. Nxc4 bxc4 14. Bc2 Qb7
15. Rb1 Qa6 16. a3 Kd7 17. Nf5 Rhg8 18. Nxe7 Kxe7 19. Bxf6+ gxf6 20. Bxh7 Rg7
21. Bc2 Rag8 22. g4 Qc8 23. Kd2 c5 24. Qe3 cxd4 25. Qxd4 Qc7 26. Rbe1 Qb6 27.
Qxb6 axb6 28. Re3 Kd6 29. Rf3 Rh8 30. Re1 Rh6 31. Ree3 Rg5 32. b4 cxb3 33. Bxb3
Kc5 34. Rf4 Re5 35. Ref3 Re4 36. Rxf6 Rh8 37. Bc2 Re5 38. Bf5 Ra8 39. Bxe6 fxe6
40. Re3 Kd6 41. Rxe5 Kxe5 42. Rf7 Rxa3 43. g5 Ra2+ 44. Ke3 Ra1 45. f4+ Kd6 46.
Kf3 e5 47. f5 e4+ 48. Ke2 Ke5 49. g6 Rg1 50. g7 Kf4 51. f6 Rg2+ 52. Kf1 Kf3 53.
Re7 Ra2 54. Ke1 e3 55. Kd1 Ra1+ 56. Kc2 1-0

[Event "Quebec-ch qual. 2"]
[Site "Montreal CAN"]
[Date "2005.05.13"]
[Round "1"]
[White "Bertin, Francois"]
[Black "Kraiouchkine, Nikita"]
[Result "0-1"]
[WhiteElo "1044"]
[BlackElo "1763"]
[PlyCount "34"]
[EventDate "2005.05.13"]
[EventType "swiss"]
[EventRounds "5"]
[EventCountry "CAN"]

1. e4 e5 2. f4 d5 3. exd5 e4 4. d3 Nf6 5. dxe4 Nxe4 6. Nf3 Bc5 7. Qe2 Qe7 8.
Be3 f5 9. Nbd2 Nd7 10. O-O-O O-O 11. h3 Ng3 12. Qc4 Qxe3 13. Re1 Nb6 14. d6+
Nxc4 15. Bxc4+ Kh8 16. Rxe3 Bxe3 17. Re1 Bxf4 0-1

[Event "Quebec-ch qual. 2"]
[Site "Montreal CAN"]
[Date "2005.05.14"]
[Round "2"]
[White "Kraiouchkine, Nikita"]
[Black "Lacroix, Serge"]
[Result "1/2-1/2"]
[WhiteElo "1763"]
[BlackElo "1977"]
[PlyCount "93"]
[EventDate "2005.05.13"]
[EventType "swiss"]
[EventRounds "5"]
[EventCountry "CAN"]

1. e4 c5 2. c4 e5 3. Nc3 Nf6 4. d3 d6 5. h3 Be7 6. g3 Nc6 7. Bg2 a6 8. f4 Rb8
9. Nf3 b5 10. O-O bxc4 11. dxc4 Be6 12. Qa4 Bd7 13. Qc2 O-O 14. Rd1 Nd4 15.
Nxd4 cxd4 16. Ne2 Qb6 17. Qd3 Rfc8 18. b3 a5 19. Ba3 Bf8 20. Rac1 d5 21. Bxf8
dxe4 22. Bxe4 Nxe4 23. Qxe4 Kxf8 24. Qxe5 Bxh3 25. Qxd4 a4 26. Qxb6 Rxb6 27.
Rd3 axb3 28. axb3 Bf5 29. Re3 Rd8 30. Re1 g6 31. Nc1 h5 32. Rc3 Rd2 33. Re2 Rd4
34. Kf2 h4 35. Kf3 hxg3 36. Kxg3 g5 37. fxg5 Rg6 38. Ree3 Rxg5+ 39. Kf2 Rh5 40.
Ne2 Rd2 41. Ke1 Rb2 42. Kf2 Bg4 43. Kf1 Rh2 44. Ng1 Rh1 45. Rc1 Rbh2 46. Rcc3
Rb2 47. Rc1 1/2-1/2

[Event "Quebec-ch qual. 2"]
[Site "Montreal CAN"]
[Date "2005.05.14"]
[Round "3"]
[White "Plante, Michel"]
[Black "Kraiouchkine, Nikita"]
[Result "1/2-1/2"]
[WhiteElo "1987"]
[BlackElo "1763"]
[PlyCount "88"]
[EventDate "2005.05.13"]
[EventType "swiss"]
[EventRounds "5"]
[EventCountry "CAN"]

1. d4 Nf6 2. Nf3 g6 3. Nbd2 d5 4. e3 Bg7 5. b4 O-O 6. Bb2 b6 7. c4 e6 8. Be2
Bb7 9. a4 Nbd7 10. O-O c5 11. cxd5 Bxd5 12. dxc5 bxc5 13. b5 Rc8 14. Rc1 Ne4
15. Bxg7 Kxg7 16. Qc2 Ndf6 17. Rfd1 Qe7 18. Nc4 Rfd8 19. Nfe5 Nd6 20. f3 Nxc4
21. Nxc4 Bxc4 22. Bxc4 Nd5 23. e4 Nb4 24. Qc3+ Kg8 25. g3 Rxd1+ 26. Rxd1 Rd8
27. Rd2 Rxd2 28. Qxd2 Qf6 29. Be2 Qe7 30. e5 Nd5 31. Bc4 Qb7 32. a5 Nc7 33. Qd3
Kg7 34. Kf2 Nd5 35. Qe4 Qd7 36. Qd3 Qb7 37. f4 Qc7 38. Qd2 Nb4 39. a6 Nd5 40.
Qd3 Qa5 41. Bxd5 exd5 42. Qxd5 Qxb5 43. Qb7 Qd3 44. Qxa7 Qd2+ 1/2-1/2

[Event "Quebec-ch qual. 2"]
[Site "Montreal CAN"]
[Date "2005.05.15"]
[Round "4"]
[White "Kraiouchkine, Nikita"]
[Black "Rodriguez, Aaron"]
[Result "0-1"]
[WhiteElo "1763"]
[BlackElo "1837"]
[PlyCount "72"]
[EventDate "2005.05.13"]
[EventType "swiss"]
[EventRounds "5"]
[EventCountry "CAN"]

1. e4 g6 2. d4 Bg7 3. Nc3 d6 4. Be3 Nf6 5. f3 O-O 6. Qd2 e5 7. O-O-O Nc6 8. d5
Nd4 9. Bxd4 exd4 10. Nce2 c5 11. dxc6 bxc6 12. Nxd4 Qb6 13. c3 Rd8 14. Qc2 Rb8
15. g4 h6 16. h4 a6 17. Bh3 c5 18. Nde2 Be6 19. g5 Bxa2 20. b4 cxb4 21. Qxa2 b3
22. Qb2 Qe3+ 23. Qd2 b2+ 24. Kb1 Qc5 25. gxf6 Qa3 26. Qe1 Bxf6 27. Bg4 h5 28.
Bxh5 gxh5 29. Nh3 Rb5 30. Qd2 Rc8 31. Qh6 Qa1+ 32. Kc2 b1=Q+ 33. Rxb1 Rxc3+ 34.
Kd2 Qa2+ 35. Ke1 Rxb1+ 36. Kf2 Bxh4+ 0-1

[Event "Quebec-ch qual. 2"]
[Site "Montreal CAN"]
[Date "2005.05.15"]
[Round "5"]
[White "Julien, Gabi"]
[Black "Kraiouchkine, Nikita"]
[Result "0-1"]
[WhiteElo "1824"]
[BlackElo "1763"]
[PlyCount "126"]
[EventDate "2005.05.13"]
[EventType "swiss"]
[EventRounds "5"]
[EventCountry "CAN"]

1. e4 e5 2. Nc3 Nc6 3. g3 Nf6 4. Bg2 Bb4 5. Nge2 O-O 6. a3 Ba5 7. b4 Bb6 8. Na4
d6 9. Nxb6 axb6 10. Bb2 Be6 11. O-O Qd7 12. Re1 Rfe8 13. d4 exd4 14. Nxd4 Nxd4
15. Qxd4 Qb5 16. e5 dxe5 17. Rxe5 Qd7 18. Bxb7 Qxd4 19. Bxd4 Ra7 20. Bc6 Rd8
21. c3 Nd5 22. Ree1 Rd6 23. Bb5 h6 24. a4 Nxb4 25. Be5 Nc2 26. Bxd6 Nxe1 27.
Rxe1 cxd6 28. Rd1 d5 29. f4 Rc7 30. Rd3 Rc5 31. Kf2 Kf8 32. Re3 g6 33. Ke2 Ke7
34. Kd3 Kd6 35. Re2 Bd7 36. Bxd7 Kxd7 37. Rb2 Kc6 38. Rb4 Ra5 39. Kd4 f6 40. g4
Ra8 41. g5 hxg5 42. fxg5 fxg5 43. Ke5 Rh8 44. c4 dxc4 45. Rxc4+ Kb7 46. Rc2 Rf8
47. Rg2 Rf5+ 48. Ke6 Ka6 49. Rg4 Rf2 50. Rxg5 Rxh2 51. Rg4 Ka5 52. Rxg6 Kxa4
53. Kd5 b5 54. Ra6+ Kb3 55. Rb6 b4 56. Kd4 Rh3 57. Rb7 Ka3 58. Ra7+ Kb2 59. Rb7
b3 60. Rb5 Ka2 61. Ra5+ Kb1 62. Rb5 b2 63. Rb4 Ka2 0-1

[Event "Marathon 2005"]
[Site "Granby CAN"]
[Date "2005.05.06"]
[Round "1"]
[White "Kraiouchkine, Nikita"]
[Black "Lewis, Patrick"]
[Result "0-1"]
[WhiteElo "1770"]
[BlackElo "1563"]
[PlyCount "78"]
[EventDate "2005.05.06"]
[EventType "swiss"]
[EventRounds "7"]
[EventCountry "CAN"]

1. d4 d5 2. Nf3 Nf6 3. e3 e6 4. Bd3 c5 5. b3 Bd6 6. Bb2 b6 7. Nbd2 Qe7 8. c4
Bb7 9. Rc1 Nbd7 10. O-O cxd4 11. exd4 O-O 12. Bb1 Rac8 13. Ne5 Ne4 14. Nxe4
dxe4 15. Nxd7 Qxd7 16. Re1 f5 17. Re2 Rf7 18. a3 Qe7 19. b4 Qh4 20. g3 Qh3 21.
Qf1 Qg4 22. Rc3 f4 23. Qe1 e3 24. fxe3 fxg3 25. h3 Qxh3 26. e4 Rcf8 27. Rg2
Rf1+ 28. Qxf1 Rxf1+ 29. Kxf1 Qh1+ 30. Rg1 g2+ 31. Kf2 Bh2 32. Rxg2 Qxb1 33. Bc1
Bf4 34. Rg1 Qxe4 35. Bxf4 Qxd4+ 36. Re3 Qxf4+ 37. Ke2 Qxc4+ 38. Kf2 Qf4+ 39.
Ke2 Ba6+ 0-1

[Event "CYCC U10"]
[Site "Victoria CAN"]
[Date "2005.03.24"]
[Round "1.1"]
[White "Gladstone, Simon"]
[Black "Kraiouchkine, Nikita"]
[Result "0-1"]
[WhiteElo "1136"]
[BlackElo "1822"]
[PlyCount "112"]
[EventDate "2005.03.24"]
[EventType "swiss"]
[EventRounds "7"]
[EventCountry "CAN"]

1. e4 e5 2. Nf3 Nc6 3. Nc3 Nf6 4. d4 exd4 5. Nxd4 Bb4 6. Nxc6 bxc6 7. Bd3 Bxc3+
8. bxc3 O-O 9. O-O Re8 10. f3 d6 11. Re1 Rb8 12. Bf4 Be6 13. e5 Nd5 14. Bd2 Nb6
15. Qe2 Qh4 16. exd6 cxd6 17. Bf5 Bd7 18. Qd3 Bxf5 19. Qxf5 Qc4 20. Qa5 Qa4 21.
Qxa4 Nxa4 22. Bf4 Nxc3 23. Bxd6 Rbd8 24. Kf2 Rxe1 25. Rxe1 Nxa2 26. Re7 Nc3 27.
Rxa7 h6 28. Bf4 Re8 29. Ra6 Re2+ 30. Kf1 Re6 31. Kf2 Nb5 32. Be3 Nc3 33. Ra3
Nd5 34. c4 Nf6 35. g4 Kh7 36. h4 Nd7 37. Ra7 Ne5 38. Bd4 f6 39. Kg3 Nxc4 40. g5
hxg5 41. hxg5 Kg6 42. f4 Re4 43. Rd7 Kf5 44. gxf6 gxf6 45. Ba1 Rxf4 46. Bxf6
Rg4+ 47. Kf3 Kxf6 48. Rc7 Ne5+ 49. Ke3 Ke6 50. Rh7 Kd5 51. Rh8 Rg3+ 52. Kf4 Rc3
53. Rd8+ Kc4 54. Re8 Nd3+ 55. Ke3 Nf4+ 56. Kd2 Rd3+ 0-1

[Event "CYCC U10"]
[Site "Victoria CAN"]
[Date "2005.03.24"]
[Round "2.1"]
[White "Kraiouchkine, Nikita"]
[Black "Cannon, Farley"]
[Result "1-0"]
[WhiteElo "1822"]
[BlackElo "1351"]
[PlyCount "118"]
[EventDate "2005.03.24"]
[EventType "swiss"]
[EventRounds "7"]
[EventCountry "CAN"]

1. e4 e5 2. Nf3 Nc6 3. Bc4 Nf6 4. Nc3 Nxe4 5. O-O Nxc3 6. dxc3 Be7 7. Qd5 O-O
8. Nxe5 Nxe5 9. Qxe5 Bf6 10. Qh5 g6 11. Qf3 Bg7 12. Be3 Qf6 13. Qxf6 Bxf6 14.
Bh6 Bg7 15. Bxg7 Kxg7 16. Rfe1 c6 17. Re3 d5 18. Bd3 Be6 19. Rae1 Rab8 20. f4
c5 21. Re5 c4 22. Be2 Rfd8 23. Rd1 Rd7 24. Bf3 Rbd8 25. Rd4 a6 26. Kf2 h6 27.
g4 Kf6 28. h4 Kg7 29. f5 Kf6 30. fxe6 fxe6 31. Re1 g5 32. h5 Rf7 33. Rd2 Rdf8
34. Kg3 Kg7 35. Rf2 Rf6 36. Ref1 b5 37. Bg2 Rxf2 38. Rxf2 Rxf2 39. Kxf2 Kf6 40.
Ke3 Ke5 41. b3 Kd6 42. bxc4 bxc4 43. Bf3 e5 44. Kd2 Kc6 45. Kc1 Kc5 46. Kb2 e4
47. Be2 d4 48. cxd4+ Kxd4 49. c3+ Ke3 50. Bxc4 Kf3 51. Bxa6 Kxg4 52. Be2+ Kf4
53. Kc2 g4 54. Bxg4 Kxg4 55. Kd2 Kf3 56. Ke1 Ke3 57. a4 Kf4 58. a5 Ke5 59. a6
Kd6 1-0

[Event "CYCC U10"]
[Site "Victoria CAN"]
[Date "2005.03.25"]
[Round "4.2"]
[White "Kraiouchkine, Nikita"]
[Black "Cheng, Jack"]
[Result "1/2-1/2"]
[WhiteElo "1822"]
[BlackElo "1545"]
[PlyCount "80"]
[EventDate "2005.03.24"]
[EventType "swiss"]
[EventRounds "7"]
[EventCountry "CAN"]

1. e4 e5 2. Nf3 Nc6 3. Bc4 Nf6 4. Nc3 Nxe4 5. O-O Nxc3 6. dxc3 Be7 7. Qd5 O-O
8. Nxe5 Nxe5 9. Qxe5 d6 10. Qh5 Bf6 11. Re1 g6 12. Qf3 c6 13. Bf4 d5 14. Rad1
Bg7 15. Bd3 Be6 16. Re2 Qb6 17. Bc1 Rad8 18. h3 c5 19. Ree1 a6 20. Be2 d4 21.
cxd4 cxd4 22. b3 Bd5 23. Qg3 Rfe8 24. Bf4 Rc8 25. Bd3 Qa5 26. Rxe8+ Rxe8 27. a4
Re1+ 28. Rxe1 Qxe1+ 29. Kh2 Be4 30. f3 Qxg3+ 31. Kxg3 Bxd3 32. cxd3 f5 33. Bc7
Kf7 34. Kf4 Ke6 35. Kg5 Kf7 36. g4 h6+ 37. Kf4 Ke6 38. gxf5+ gxf5 39. h4 Bf6
40. h5 Bg7 1/2-1/2

[Event "CYCC U10"]
[Site "Victoria CAN"]
[Date "2005.03.26"]
[Round "5.2"]
[White "Inigo, Aquino"]
[Black "Kraiouchkine, Nikita"]
[Result "1-0"]
[WhiteElo "1709"]
[BlackElo "1822"]
[PlyCount "143"]
[EventDate "2005.03.24"]
[EventType "swiss"]
[EventRounds "7"]
[EventCountry "CAN"]

1. d4 Nf6 2. c4 g6 3. Nc3 d5 4. cxd5 Nxd5 5. e4 Nxc3 6. bxc3 Bg7 7. Nf3 O-O 8.
Be2 c5 9. Rb1 Nc6 10. d5 Ne5 11. Nxe5 Bxe5 12. Qd2 a6 13. f4 Bg7 14. c4 Qc7 15.
Bb2 Rd8 16. Bxg7 Kxg7 17. e5 Rb8 18. O-O Bd7 19. Qc3 Kg8 20. Rfc1 Bf5 21. Rb2
b5 22. cxb5 Rxd5 23. bxa6 Rxb2 24. Qxb2 Bc8 25. Qb5 Be6 26. Qb7 Rd7 27. Qxc7
Rxc7 28. Bf3 Bc8 29. Be2 f6 30. Bc4+ Kg7 31. Rb1 Ra7 32. Rb6 Rc7 33. Rb8 fxe5
34. fxe5 Bxa6 35. Bxa6 c4 36. Rb2 Kf7 37. Rc2 c3 38. Kf2 Ke6 39. Ke3 Kxe5 40.
Kd3 Rc5 41. Rxc3 Ra5 42. Bc4 Kf4 43. Be6 Rh5 44. g3+ Kf3 45. Kd4+ Kg2 46. Rc2+
Kf3 47. Bd5+ Kg4 48. Ke4 Kg5 49. a4 Kf6 50. Rc6+ Kg7 51. h4 g5 52. a5 gxh4 53.
gxh4 Rxh4+ 54. Ke5 Ra4 55. a6 h5 56. Ke6 Ra5 57. Bf3 h4 58. Kxe7 h3 59. Kd7 h2
60. Rb6 Rf5 61. Bb7 Rf7+ 62. Kd6 Rf6+ 63. Kc5 Rf5+ 64. Kd4 Ra5 65. Ke3 Kf7 66.
Bg2 Ra3+ 67. Kf2 Rh3 68. a7 Rc3 69. a8=Q Rc2+ 70. Kg3 h1=Q 71. Bxh1 Rc3+ 72.
Bf3 1-0

[Event "CYCC U10"]
[Site "Victoria CAN"]
[Date "2005.03.26"]
[Round "6.5"]
[White "Kraiouchkine, Nikita"]
[Black "Sabaratnam, Thiruvaran"]
[Result "1-0"]
[WhiteElo "1822"]
[BlackElo "1070"]
[PlyCount "132"]
[EventDate "2005.03.24"]
[EventType "swiss"]
[EventRounds "7"]
[EventCountry "CAN"]

1. e4 e5 2. Nf3 Nc6 3. Bc4 Bc5 4. c3 d6 5. d4 exd4 6. cxd4 Bb4+ 7. Bd2 Bxd2+ 8.
Nbxd2 Nf6 9. h3 h6 10. O-O O-O 11. Re1 Re8 12. Rc1 a6 13. Qc2 Nh5 14. Bb3 Nf4
15. Re3 Qf6 16. d5 Ne5 17. Nxe5 dxe5 18. Nf1 Qg6 19. Rg3 Qh5 20. Re1 Bd7 21.
Bc4 b5 22. Be2 Nxe2+ 23. Qxe2 Qxe2 24. Rxe2 a5 25. Rc3 Rac8 26. Rec2 Re7 27.
Rxc7 Rxc7 28. Rxc7 Kf8 29. d6 Re8 30. Rxd7 Rb8 31. Ne3 a4 32. Nd5 b4 33. Rc7
Ke8 34. d7+ Kd8 35. Rc8+ Rxc8 36. dxc8=Q+ Kxc8 37. Nxb4 Kc7 38. f3 Kb6 39. Kf2
Kc5 40. Nd5 f6 41. Nc3 Kb4 42. Nxa4 Kxa4 43. Ke3 Kb4 44. Kd3 Kc5 45. Kc3 Kb5
46. b4 Kb6 47. Kc4 Kb7 48. Kd5 Kc7 49. Ke6 Kb6 50. Kf7 Kb5 51. a3 Kc6 52. Kxg7
Kd7 53. Kxh6 Ke7 54. Kg6 Ke6 55. h4 Ke7 56. h5 Kf8 57. Kxf6 Kg8 58. Kxe5 Kg7
59. b5 Kf7 60. b6 Ke7 61. h6 Kd7 62. Kd5 Kc8 63. h7 Kd7 64. e5 Ke7 65. b7 Kd7
66. h8=Q Ke7 1-0

[Event "CYCC U10"]
[Site "Victoria CAN"]
[Date "2005.03.27"]
[Round "7.3"]
[White "Kraiouchkine, Nikita"]
[Black "Baser, Arthur"]
[Result "1/2-1/2"]
[WhiteElo "1822"]
[BlackElo "1477"]
[PlyCount "107"]
[EventDate "2005.03.24"]
[EventType "swiss"]
[EventRounds "7"]
[EventCountry "CAN"]

1. c4 e5 2. Nc3 Nf6 3. g3 g6 4. Bg2 Bg7 5. d3 O-O 6. e4 b6 7. Nge2 Bb7 8. O-O
c6 9. f4 d6 10. Be3 Qe7 11. Qd2 Ng4 12. f5 Nxe3 13. Qxe3 Nd7 14. g4 Qh4 15. g5
f6 16. fxg6 hxg6 17. gxf6 Nxf6 18. Qh3 Qxh3 19. Bxh3 Rae8 20. Rf3 d5 21. cxd5
cxd5 22. exd5 Nxd5 23. Rxf8+ Rxf8 24. Nb5 Ba6 25. a4 Nb4 26. Nc7 Rf7 27. Nxa6
Nxa6 28. Bg2 Nc5 29. Be4 Nxe4 30. dxe4 Rd7 31. Rc1 Rd2 32. Rc8+ Kf7 33. Rc7+
Kf6 34. Kf2 Rxb2 35. Rxa7 Bh6 36. Ra6 Rb3 37. a5 Be3+ 38. Kg2 Kg5 39. axb6 Bxb6
40. Ra8 Re3 41. Ng3 Bd4 42. Rf8 Rd3 43. Rf3 Rd2+ 44. Kh3 Rf2 45. Rxf2 Bxf2 46.
Ne2 Be1 47. Kg2 Kg4 48. h3+ Kh4 49. Ng1 Bc3 50. Nf3+ Kh5 51. Kg3 g5 52. Kg2 Ba1
53. Kg3 Bc3 54. Kg2 1/2-1/2

[Event "Mauricie op U1800"]
[Site "Trois-Rivieres CAN"]
[Date "2005.03.20"]
[Round "5"]
[White "Kraiouchkine, Nikita"]
[Black "Boutin, Jean-Roger"]
[Result "1-0"]
[WhiteElo "1758"]
[BlackElo "1607"]
[PlyCount "33"]
[EventDate "2005.03.18"]
[EventType "swiss"]
[EventRounds "5"]
[EventCountry "CAN"]

1. e4 c5 2. Nf3 Nc6 3. d4 cxd4 4. Nxd4 e5 5. Nb5 d6 6. N1c3 a6 7. Na3 h6 8. Be3
Nf6 9. f3 Be7 10. Nc4 b5 11. Nb6 Rb8 12. Nbd5 Be6 13. Qd2 Na5 14. Rd1 Nb7 15.
Bb6 Qd7 16. Nc7+ Kf8 17. Nxa6 1-0

[Event "POP 2005.03"]
[Site "Montreal CAN"]
[Date "2005.??.??"]
[Round "1"]
[White "Duplessis, Jean-Roch"]
[Black "Kraiouchkine, Nikita"]
[Result "0-1"]
[WhiteElo "1640"]
[BlackElo "1740"]
[PlyCount "85"]
[EventDate "2005.03.05"]
[EventType "swiss"]
[EventRounds "3"]
[EventCountry "CAN"]

1. e4 e6 2. d4 d5 3. Nc3 Nf6 4. Bg5 Be7 5. e5 Nfd7 6. h4 Bxg5 7. hxg5 Qxg5 8.
Nh3 Qe7 9. Bb5 c5 10. Qg4 g6 11. dxc5 Nc6 12. Bxc6 bxc6 13. Ng5 h5 14. Qg3 Nxc5
15. f4 Ba6 16. Qf2 Nd7 17. O-O-O Nxe5 18. Qd4 f6 19. Nxe6 Qxe6 20. Rhe1 O-O 21.
fxe5 fxe5 22. Rxe5 Qf7 23. Rde1 Rfe8 24. Rxe8+ Rxe8 25. Rxe8+ Qxe8 26. Qxa7 Bb5
27. a4 Bf1 28. Qf2 Qf7 29. Qxf7+ Kxf7 30. g3 Ke6 31. Kd2 Ba6 32. a5 c5 33. Ne2
g5 34. Ng1 h4 35. Ke3 Kf5 36. c3 hxg3 37. Kf3 g4+ 38. Kxg3 d4 39. cxd4 cxd4 40.
Kf2 d3 41. Ke3 Ke5 42. b3 Bb5 43. Nf3+ 0-1